000 00325nam a22001457a 4500
008 230406b ||||| |||| 00| 0 eng d
020 _a9780803618237
041 _aeng
080 _a610.73
082 _a610.73PEN
100 _a8
101 _aINFER
245 _aMASTERING THE TEACHING ROLE
_cPENN.K.B
942 _2udc
_cBK
999 _c59510
_d59510